| 000 | 01622cam a2200397 a 4500 | ||
|---|---|---|---|
| 001 | 51323 | ||
| 005 | 20230410132721.0 | ||
| 008 | 070208s2005 ve a b 100 0 spa | ||
| 010 | _a 2007418185 | ||
| 035 | _a(OCoLC)ocm82371166 | ||
| 040 |
_aDLC _cDLC |
||
| 020 | _a9806563050 | ||
| 020 | _a9789806563056 | ||
| 035 | _a(OCoLC)82371166 | ||
| 043 | _acl----- | ||
| 050 | 1 | 4 |
_aQ 127 _bS471c 2005 |
| 049 | _aGRAL | ||
| 111 | 2 |
_aSeminario "La Ciencia y la Tecnología en América Latina: una Mirada desde Venezuela" _d(2004 : _cCentro de Estudios de América de la Universidad Central de Venezuela) |
|
| 245 | 1 | 0 |
_aCiencia y tecnología en América Latina : _buna mirada desde Venezuela / _cJosé María Cadenas, comp. ; [conferencistas, Alexis Mercado ... et al. ; prólogo, Claudio Bifano ; comentaristas, Amelia Guardia ... et al.]. |
| 260 |
_aCaracas : _bUniversidad Central, Centros de Estudios de América : _bFundación Polar, _c2005. |
||
| 300 |
_a192 p. : _bill. ; _c23 cm. |
||
| 504 | _aIncludes bibliographical references. | ||
| 650 | 0 |
_aScience _zLatin America _vCongresses. |
|
| 650 | 0 |
_aTechnology _zLatin America _vCongresses. |
|
| 650 | 0 |
_aScience _xSocial aspects _zLatin America. |
|
| 650 | 0 |
_aTechnology _xSocial aspects _zLatin America. |
|
| 650 | 0 |
_aScience and state _zLatin America. |
|
| 650 | 0 |
_aTechnology and state _zLatin America. |
|
| 700 | 1 | _aCadenas G., José María. | |
| 700 | 1 | _aMercado, Alexis. | |
| 700 | 1 | _aGuardia, Amelia. | |
| 710 | 2 |
_aUniversidad Central de Venezuela. _bCentro de Estudios de América. |
|
| 942 |
_2lcc _cbk |
||
| 946 | _amjcruz | ||
| 994 |
_aC0 _bDRFGD |
||
| 999 |
_c86419 _d86419 |
||